000 00798cam a2200253 a 4500
008
020 _a1855217333 (pbk.)
049 _aMAIN
090 _aKD2204
_bHOW
100 1 _aHowells, Geraint G.
245 1 0 _aConsumer protection law /
_cGeraint G. Howells and Stephen Weatherill.
260 _aAldershot :
_bDartmouth,
_cc1995.
300 _axxii, 601 p. ;
_c23 cm.
500 _aIncludes index.
504 _aIncludes bibliographical references.
650 0 _aConsumer protection
_xLaw and legislation
_zGreat Britain.
650 0 _aConsumer protection
_zGreat Britain.
700 1 _aWeatherill, Stephen.
907 _a.b10295550
_b09-10-12
_c10-05-11
003
005 20230123125246.0
040 _cNUST
942 _cBOOKS
_kKD2204
_mHOW
999 _c138442
_d138442